Zhodnotenie existujúcich podmienok obchodných partnerstiev Európskej únie s rozvojovými krajinami

Poskytovanie obchodných preferencií a pravidlá WTO. Obchodné preferencie EÚ rozvojovým krajinám. Prehľad obchodnej výmeny EÚ a rozvojových krajín.

Saved in:
Bibliographic Details
Main Author: Dobošová, Viera
Format: Book Chapter
Language:Slovak
Subjects:
Tags: Add Tag
No Tags, Be the first to tag this record!

MARC

LEADER 00000naa$a2200000$$$4500
001 0048613
005 20240502071547.1
041 0 |a slo 
044 |a SK 
245 1 0 |a Zhodnotenie existujúcich podmienok obchodných partnerstiev Európskej únie s rozvojovými krajinami  |c Viera Dobošová 
520 |a Poskytovanie obchodných preferencií a pravidlá WTO. Obchodné preferencie EÚ rozvojovým krajinám. Prehľad obchodnej výmeny EÚ a rozvojových krajín. 
610 2 0 |a partneri obchodní 
610 2 0 |a výmena informácií 
610 2 0 |a výmena skúseností 
610 2 0 |a Európska únia 
610 2 0 |a krajiny rozvojové 
610 2 0 |a preferencie 
610 2 0 |a dohody obchodné medzinárodné 
100 1 |a Dobošová, Viera